Матеріали І-ІІІ науково-краєзнавчих конференцій "Остріг на порозі 900-річчя (1990 - 1992 рр.)" (Запис № 210299)

МАРК-запис
000 -LEADER
fixed length control field 00366nam a22001217a 4500
041 ## - LANGUAGE CODE
Language code of text/sound track or separate title rus
080 ## - UNIVERSAL DECIMAL CLASSIFICATION NUMBER
Universal Decimal Classification number 908
245 ## - TITLE STATEMENT
Title Матеріали І-ІІІ науково-краєзнавчих конференцій "Остріг на порозі 900-річчя (1990 - 1992 рр.)"
250 ## - EDITION STATEMENT
Edition statement М34
260 ## - PUBLICATION, DISTRIBUTION, ETC. (IMPRINT)
Place of publication, distribution, etc Острог
Date of publication, distribution, etc 1992
300 ## - PHYSICAL DESCRIPTION
Extent 118
942 ## - ADDED ENTRY ELEMENTS (KOHA)
Koha item type Книги
Фонди
Withdrawn status Lost status Source of classification or shelving scheme Damaged status Not for loan Home library Current library Date acquired Source of acquisition Total Checkouts Total Holds Full call number Barcode Date last seen Date checked out Price effective from Koha item type
    Universal Decimal Classification     ЧЗ - Читальна зала ЧЗ - Читальна зала 11/05/2018 115/2009 1   908 Краєзнавство 123012 07/02/2022 14/09/2020 11/05/2018 Книги